Geography Quiz

Random Geography or Blitz Quiz

Capital Letter Minefield Blitz Quiz Stats

 Plays Quiz Updated Dec 12, 2017

Challenge
Share
Tweet
Embed
Score 0/30 Timer 02:00
4 Plays Today
% Correct
???
72.1%
???
67.5%
???
67.3%
???
66.8%
???
66.7%
???
65.8%
???
62.6%
???
62.5%
???
62.4%
???
60.6%
???
59.6%
???
58.7%
???
58.2%
???
55.5%
???
54.2%
% Correct
???
52.6%
???
51%
???
50.9%
???
50.6%
???
49.7%
???
49.1%
???
48.8%
???
46.4%
???
45.3%
???
44.5%
???
44.2%
???
42.7%
???
41.3%
???
39.7%
???
39%

You're not logged in!

Compare scores with friends on all Sporcle quizzes.
OR
Log In

You Might Also Like...

Show Comments

Extras

Top Quizzes Today


Score Distribution

Your Account Isn't Verified!

In order to create a playlist on Sporcle, you need to verify the email address you used during registration. Go to your Sporcle Settings to finish the process.

Report this User

Report this user for behavior that violates our Community Guidelines.

Details: